| 000 | 00620nam a2200169 a 4500 | ||
|---|---|---|---|
| 001 | 000034392 | ||
| 005 | 20200930073656.0 | ||
| 008 | 111004s1999 es ad 000 0 spa d | ||
| 020 | _a8436933990 | ||
| 040 |
_aDO-SdBNP _bspa _cBNPHU |
||
| 111 | 2 |
_aJornadas Europeas de Voluntariado Cultural _n(4: 3-5 de mayo _cSantiago de Compostela _d1999) _959818 |
|
| 245 | 1 | 0 | _a1V Jornadas de voluntariado cultural. |
| 260 |
_aMadrid : _bMinisterio de Educación Cultural y Deporte, _c1999. |
||
| 300 |
_a191 p. : _bil., gráf. ; _c1999. |
||
| 504 | _aIncluye referencias bibliográficas y notas al pie de las páginas | ||
| 049 | _aBNPD | ||
| 999 |
_c33883 _d33883 |
||